000 00549 a2200169 4500
003 OSt
005 20231009161219.0
008 231009b |||||||| |||| 00| 0 eng d
020 _a9781784877767
040 _coclc
082 _a895.6344
_bMIY/N
100 1 _aMiyazawa, Kenji,
_d1896-1933
_99729
245 _aNight train to the stars :
_band other stories
_cKenji Miyazawa; translated from the Japanese by John Bester
260 _bVintage,
_c2023.
300 _a230 p
942 _2ddc
_cBK
_h895.6344
_iMIY/N
_k895.6344
_mMIY/N
999 _c42618
_d42618